National Assembly Library of Thailand

English-Thai dictionary (ระเบียนเลขที่ 22955)

รายละเอียดในรูปแบบ MARC
000 -LEADER
fixed length control field 00638nam a22001937a 4500
005 - DATE AND TIME OF LATEST TRANSACTION
control field 20210325185432.0
008 - FIXED-LENGTH DATA ELEMENTS--GENERAL INFORMATION
fixed length control field s2544 thaeng
020 ## - INTERNATIONAL STANDARD BOOK NUMBER
International Standard Book Number 9740840116
041 ## - LANGUAGE CODE
Language code of text/sound track or separate title thaeng
090 ## - LOCALLY ASSIGNED LC-TYPE CALL NUMBER (OCLC); LOCAL CALL NUMBER (RLIN)
Classification number (OCLC) (R) ; Classification number, CALL (RLIN) (NR) อ AG630.T5 ส472อ 2544
245 10 - TITLE STATEMENT
Title English-Thai dictionary
260 3# - PUBLICATION, DISTRIBUTION, ETC.
Place of publication, distribution, etc. กรุงเทพฯ :
Name of publisher, distributor, etc. ไทยวัฒนาพานิช,
Date of publication, distribution, etc. 2544
300 ## - PHYSICAL DESCRIPTION
Extent 878 หน้า ;
Other physical details 20 ซม.
650 04 - SUBJECT ADDED ENTRY--TOPICAL TERM
Topical term or geographic name entry element ภาษาอังกฤษ -- พจนานุกรม -- ภาษาไทย
850 ## - HOLDING INSTITUTION
Holding institution NALT
942 ## - ADDED ENTRY ELEMENTS (KOHA)
Koha item type Reference Book
997 ## -
-- 000000000022955
998 ## - LOCAL CONTROL INFORMATION (RLIN)
-- BENJALUCK SUTTHIWILAI
รายการที่มีในห้องสมุด
Withdrawn status Lost status Damaged status Not for loan Collection code Home library Current library Total Checkouts Full call number Barcode Date last seen Price effective from Koha item type
        Reference Book collection National Assembly Library of Thailand National Assembly Library of Thailand   อ AG630.T5 ส472อ 2544 3961144730 09/06/2017 09/06/2017 Reference Book
หอสมุดรัฐสภา
สำนักงานเลขาธิการสภาผู้แทนราษฎร เลขที่ 1111 ถนนสามเสน แขวงถนนนครไชยศรี เขตดุสิต กรุงเทพฯ 10300
The Secretariat of the House of Representatives 1111 Samsen Road, Thanon Nakhon Chai Si, Dusit, Bangkok 10300, THAILAND
โทรศัพท์: +66(0) 2242 5900 ต่อ 5714-5 โทรสาร: +66(0) 2242 5990 อีเมล: [email protected]